Statistics for 1M Cities variations 2016-2017

Click here to take the quiz!

General Stats

  • This quiz has been taken 108 times
  • The average score is 13 of 27

Answer Stats

City % Correct
Perth
87%
Porto
84%
Prague
76%
Leeds
69%
Sapporo
67%
Aleppo
65%
Almaty
63%
Hanoi
62%
Toulouse
62%
Managua
61%
Odessa
61%
Lilongwe
58%
Yaoundé
58%
Amman
57%
Freetown
54%
Cebu
53%
Bishkek
49%
Davao
44%
Tangier
38%
George Town
31%
Pointe-Noire
24%
Concepción
22%
Angeles
18%
Cape Coral
17%
Anyang
8%
Qingyuan
7%
Jining
3%

Score Distribution

Percentile by Number Answered

Percent of People with Each Score

Your Score History

You have not taken this quiz